[Event "Remote Master email"]
[Site "Remote email"]
[Date "2013.02.10"]
[Round "?"]
[White "Firsching, Guenter"]
[Black "Kuehne, Ralf"]
[Result "1/2-1/2"]
[WhiteElo "2455"]
[BlackElo "2343"]
[PlyCount "62"]
[EventDate "2013.??.??"]
[EventType "swiss (corr)"]
[EventRounds "6"]
[EventCountry "GER"]
[SourceTitle "Corr 2015"]
[Source "ChessBase"]
[SourceDate "2015.07.17"]
[SourceVersion "1"]
[SourceVersionDate "2015.07.17"]
[SourceQuality "1"]

1. e4 e5 2. f4 exf4 3. Bc4 Nf6 4. Nc3 c6 5. Bb3 d5 6. exd5 cxd5 7. d4 Bd6 8. Nge2 0-0 9. 0-0 g5 10. g3 Bh3 11. Rf2 Kh8 12. Qd3 Rg8 13. Nxd5 Nc6 14. Bd2 Ng4 15. Rf3 Rg7 16. Bc3 Nh6 17. Qd2 Bf5 18. Rff1 a5 19. a4 Be6 20. Rae1 Ng4 21. Ndxf4 Bxb3 22. Nh5 Bd5 23. Nxg7 Kxg7 24. h3 Nh6 25. h4 Be7 26. hxg5 Bxg5 27. Nf4 f5 28. b3 Kg8 29. Re3 Bxf4 30. Rxf4 Qg5 31. Qe2 Kh8 1/2-1/2

[Event "Remote Swiss email"]
[Site "Remote email"]
[Date "2012.08.23"]
[Round "3"]
[White "Kuehne, Ralf"]
[Black "Vega Palma, Manuel"]
[Result "1-0"]
[WhiteElo "2232"]
[BlackElo "2257"]
[PlyCount "71"]
[EventDate "2012.??.??"]
[EventType "swiss (corr)"]
[EventRounds "6"]
[EventCountry "GER"]
[SourceTitle "Corr 2015"]
[Source "ChessBase"]
[SourceDate "2015.07.17"]
[SourceVersion "1"]
[SourceVersionDate "2015.07.17"]
[SourceQuality "1"]
[BlackTeam "Cuba"]
[BlackTeamCountry "CUB"]

1. d4 Nf6 2. c4 g6 3. Nc3 Bg7 4. e4 d6 5. Nf3 0-0 6. Be2 Bg4 7. Be3 Nfd7 8. Rc1 c5 9. d5 Qb6 10. Qd2 Qb4 11. b3 a6 12. 0-0 b5 13. Rc2 bxc4 14. bxc4 Bxf3 15. gxf3 Re8 16. f4 Nf8 17. h4 h5 18. f5 Nbd7 19. f4 gxf5 20. exf5 Nh7 21. Qd3 Nhf6 22. Bd2 Qb7 23. Kh1 Kh8 24. Rg1 Rg8 25. Rcc1 Bh6 26. Rg5 Rg7 27. Nd1 Bxg5 28. hxg5 Ne8 29. Bc3 f6 30. g6 Kg8 31. Kg2 Kf8 32. Qe4 Nb6 33. Ne3 Na4 34. Ba1 Nc7 35. Rh1 Nb2 36. Rb1 1-0

[Event "Remote Swiss email"]
[Site "Remote email"]
[Date "2011.01.30"]
[Round "2"]
[White "Contreras, Jose"]
[Black "Kuehne, Ralf"]
[Result "0-1"]
[WhiteElo "2000"]
[BlackElo "2505"]
[PlyCount "106"]
[EventDate "2011.??.??"]
[EventType "swiss (corr)"]
[EventRounds "6"]
[EventCountry "GER"]
[SourceTitle "Corr 2015"]
[Source "ChessBase"]
[SourceDate "2015.07.17"]
[SourceVersion "1"]
[SourceVersionDate "2015.07.17"]
[SourceQuality "1"]

1. d4 Nf6 2. c4 e6 3. Nf3 b6 4. a3 Bb7 5. Nc3 d5 6. cxd5 Nxd5 7. Qc2 Nxc3 8. Qxc3 Bd6 9. Bg5 f6 10. Bh4 Nd7 11. e3 Qe7 12. Bc4 0-0-0 13. Rc1 g5 14. Bg3 e5 15. dxe5 Nxe5 16. Nxe5 fxe5 17. 0-0 h5 18. h3 h4 19. Bh2 g4 20. hxg4 h3 21. g3 Rhf8 22. Be2 e4 23. Rcd1 Kb8 24. b4 Rg8 25. Qc2 Rc8 26. Rd4 c5 27. bxc5 Bxc5 28. Rc4 Bxa3 29. Rxc8+ Rxc8 30. Qa2 Rf8 31. g5 Bd6 32. g6 Qf6 33. Bh5 Be5 34. Qe2 Bc6 35. Rc1 Bb5 36. Qa2 a5 37. Bg4 Ka7 38. Bxh3 Ba6 39. Rd1 Qxg6 40. Rd7+ Kb8 41. Rd5 Qc6 42. Qd2 Bc7 43. g4 Bxh2+ 44. Kxh2 Bd3 45. Rf5 Qd6+ 46. Kg1 Rc8 47. Qb2 Rc2 48. Qh8+ Ka7 49. Rf7+ Ka6 50. Kg2 Rc1 51. Rf4 a4 52. g5 a3 53. Qe8 Ka5 0-1